| 000 | 02742cam a22005054i 4500 | ||
|---|---|---|---|
| 003 | PE-LiUPU | ||
| 005 | 20250731165517.0 | ||
| 008 | 190723s2009 tnua r 001 0 spa d | ||
| 035 | _a(Sirsi) a252338 | ||
| 040 |
_aPE-LiUPU _bspa _cPE-LiUPU _erda |
||
| 049 | _aPRUA | ||
| 082 | 0 | 4 |
_a615.5 _bF38 _220 |
| 100 | 1 |
_aFerrell, Vance, _eautor. |
|
| 245 | 1 | 0 |
_aEnciclopedia de los remedios naturales : _bmás de 11,000 remedios caseros, sencillos, prácticos, y fáciles de usar en el tratamiento de más de 730 enfermedades / _cVance Farrell, Luis Baez, Harold M Cherne. |
| 250 | _aSegunda edición. | ||
| 264 | 1 |
_aTennesee : _bHarvestime Books, _c2009. |
|
| 300 |
_a910 páginas : _billustraciones ; _29 centímetros |
||
| 336 |
_atext _2rdacontent |
||
| 337 |
_aunmediated _2rdamedia |
||
| 338 |
_avolume _2rdacarrier |
||
| 504 | _aÍndice: páginas 901-910. | ||
| 505 | 0 | _aReconstruyendo y manteniendo la salud -- Principios básicos de curación -- Las ocho leyes de la salud -- Principios dietéticos para curación y salud -- Hierbas medicinales y como usarlas -- Hidroterapia básica -- La enciclopedia de enfermedades -- ¡Mas de 11,000 remedios naturales para más de 730 trastornos! -- Cuidado especial en el hogar -- Fisiología básica -- Como dejar el tabaco y el alcohol -- Señales de precaución de drogas ilícitas -- Mejorando la vida -- ¿Es la evolución algo científico? -- Un estilo de vida mejor -- La causa del dolor y el sufrimiento -- Secciones especiales para mujeres -- Hierbas básicas para mujeres -- Hierbas para el embarazo -- Como atender un parto -- Hierbas para el embarazo -- El embarazo y crecimiento de los niños -- Infancia y niñez -- Los primeros nueve meses -- Manual para emergencias -- Terrorismo y enfermedades -- Nuevas enfermedades -- Preparación para desastres -- Emergencias individuales -- Desastres naturales -- Mejorando nuestra vida personal -- Cómo dejar de fumar y beber alcohol -- Señales de drogas ilícitas -- Un mejor estilo de vida. | |
| 526 | _aSEG44 | ||
| 526 | _aSEG26 | ||
| 526 | _aP151 | ||
| 526 | _aP150 | ||
| 526 | _aP149 | ||
| 526 | _aP146 | ||
| 526 | _aP145 | ||
| 526 | _aP126 | ||
| 526 | _aP125 | ||
| 526 | _aP92 | ||
| 526 | _aP75 | ||
| 526 | _aP74 | ||
| 526 | _aP27 | ||
| 526 | _aP15 | ||
| 650 | 0 | 4 | _aRemedios naturales. |
| 650 | 0 | 4 | _aPlantas medicinales. |
| 910 |
_adbm _brrch _crrch _d20190724 |
||
| 942 |
_2ddc _cBOOK |
||
| 994 |
_aC0 _bPEPRU |
||
| 596 | _a1 | ||
| 999 |
_aRC 615.5 F38 _wDEWEY _c31566 _i80359 _d31566 _f2021-11-4 _g3 _lCCODEBUL1 _mBUL _p55.00 _q1 _r0 _sY _tBOOK _u2019-7-23 _xSALUD _zP30 _0COMPRA _o.STAFF. Colección Ciencias de la Salud |
||
| 980 |
_81 _gALBERTO SANCHEZ Responsable de Automatización |
||